|
|
|
|
| LEADER |
01442nam a2200385 a 4500 |
| 001 |
000588665 |
| 003 |
CZ BrMZK |
| 005 |
20241112104850.0 |
| 007 |
ta |
| 008 |
020227s2001 xr e p 000 0 cze d |
| 015 |
|
|
|a cnb001089949
|
| 020 |
|
|
|a 80-245-0238-0
|
| 035 |
|
|
|a (OCoLC)51192129
|
| 040 |
|
|
|a BOA001
|b cze
|
| 072 |
|
7 |
|a 004.4/.6
|x Programování. Software
|2 Konspekt
|9 23
|
| 072 |
|
7 |
|a 37.016
|x Učební osnovy. Vyučovací předměty. Učebnice
|2 Konspekt
|9 22
|
| 080 |
|
|
|a 004.438Java
|2 MRF
|
| 080 |
|
|
|a 004.432.045
|2 MRF
|
| 080 |
|
|
|a 004.42.045
|2 MRF
|
| 080 |
|
|
|a (075.8)
|2 MRF
|
| 100 |
1 |
|
|a Pavlíčková, Jarmila,
|d 1969-2024
|7 xx0005359
|4 aut
|
| 245 |
1 |
0 |
|a Úvod do programování v jazyce Java /
|c Jarmila Pavlíčková
|
| 250 |
|
|
|a Vyd. 1.
|
| 260 |
|
|
|a Praha :
|b Vysoká škola ekonomická,
|c 2001
|
| 300 |
|
|
|a 110 s. :
|b il. ;
|c 30 cm
|
| 504 |
|
|
|a Obsahuje bibliografii
|
| 521 |
8 |
|
|a Určeno pro bakalářské studium na VŠE Praha
|
| 650 |
0 |
7 |
|a Java
|7 ph117027
|2 czenas
|
| 650 |
0 |
7 |
|a objektově orientované jazyky
|7 ph115528
|2 czenas
|
| 650 |
0 |
7 |
|a objektově orientované programování
|7 ph115529
|2 czenas
|
| 655 |
|
7 |
|a učebnice vysokých škol
|7 fd133772
|2 czenas
|
| 710 |
2 |
|
|a Vysoká škola ekonomická v Praze.
|b Fakulta informatiky a statistiky
|7 kn20010709399
|
| 910 |
|
|
|a BOA001
|b 3-1098.424
|
| 990 |
|
|
|a BK
|
| 996 |
6 |
|
|b 2610153557
|c 3-1098.424
|l MZK
|r Sklad / do 1 hodiny
|n 4
|p p.v.
|w 000588665
|u 000010
|a 1
|e BOA001
|j MZK50
|s P
|